000 00771nam a2200277Ia 4500
005 20250425162211.0
008 250425s9999 xx 000 0 und d
020 _a8496486109
041 _aspa
043 _asp
082 _a658.18
100 _aCARDOZA, GUILLERMO
245 0 _aCOMPETITIVIDAD INTERNACIONAL EN ECONOMIA EMERGENTES: UN ESTUDIO COMPARADO DE ASIA DEL ESTE, MEXICO Y AMERICA DEL SUR
250 _a1A ED.
260 _aEspaƱa
_bINSTITUTO DE EMPRESA BUSINESS SCHOOL
_c2005
260 _aMADRID
300 _a153
650 _aAMERICA DEL SUR
650 _aASIA
650 _aCOMPETITIVIDAD
650 _aECONOMIA INTERNACIONAL
650 _aMEXICO
710 _aINSTITUTO DE EMPRESAS BUSINESS SCHOOL
942 _c01
010 _a55675
999 _c224378
_d224378